Pays par les 3 premières lettres en 60 secondes - Statistiques

Statistiques générales
  • Ce quiz a été pris 305 fois
  • Le résultat moyen est 39 sur 196
Réponses sur la Carte
Les réponses sont colorées sur une échelle allant du rouge au vert en fonction du pourcentage des utilisateurs qui les ont devinées à leur premier essai. Vous pouvez retrouver ces pourcentages ci-dessous.
 
Statistiques - réponses
Pays % Correct
Canada
90%
France
90%
Chili
86%
Chine
86%
États-Unis
86%
Brésil
82%
Russie
77%
Mexique
73%
Espagne
66%
Argentine
62%
Australie
60%
Algérie
55%
Royaume-Uni
55%
Inde
53%
Indonésie
53%
Portugal
49%
Danemark
48%
Allemagne
47%
Norvège
45%
Finlande
44%
Pérou
44%
Îles Marshall
43%
Maroc
43%
Suède
43%
Afrique du Sud
40%
Biélorussie
40%
Irlande
37%
Belgique
36%
Belize
36%
Bolivie
36%
Colombie
36%
Italie
36%
Japon
35%
Paraguay
35%
Islande
34%
Uruguay
34%
Venezuela
34%
Monaco
32%
Mongolie
32%
Monténégro
32%
Malaisie
31%
Malawi
31%
Maldives
31%
Mali
31%
Malte
31%
Tunisie
31%
République tchèque
29%
Arabie Saoudite
28%
Corée du Nord
27%
Corée du Sud
27%
Égypte
27%
Liban
27%
Liberia
27%
Libye
27%
République démocratique du Congo
27%
République du Congo
27%
Taïwan
27%
Kazakhstan
26%
Turkménistan
26%
Turquie
26%
Angola
24%
Équateur
23%
Panama
23%
Irak
22%
Iran
22%
République dominicaine
22%
République Centrafricaine
21%
Suisse
21%
Ukraine
21%
Honduras
20%
Hongrie
20%
Madagascar
20%
Niger
19%
Nigeria
19%
Nouvelle-Zélande
19%
Pologne
19%
Soudan
19%
Soudan du Sud
19%
Guatemala
18%
Suriname
18%
Cuba
17%
Saint-Christophe-et-Niévès
17%
Sainte-Lucie
17%
Saint-Marin
17%
Saint-Vincent-et-les-Grenadines
17%
Estonie
16%
Afghanistan
15%
Guyana
15%
Cambodge
14%
Cameroun
14%
Costa Rica
14%
Île Maurice
14%
Autriche
13%
Bahamas
13%
Bahreïn
13%
Grèce
13%
Grenade
13%
Lituanie
13%
Mauritanie
13%
Nicaragua
13%
Guinée
12%
Guinée-Bissau
12%
Guinée équatoriale
12%
Lettonie
12%
Émirats arabes unis
11%
Éthiopie
11%
Haïti
11%
Oman
11%
Slovaquie
11%
Slovénie
11%
Tchad
11%
Thaïlande
11%
Albanie
10%
Jamaïque
10%
Kirghizistan
10%
Kiribati
10%
Luxembourg
10%
Pays-Bas
10%
Salomon
10%
Salvador
10%
Sénégal
10%
Somalie
10%
Viêt Nam
10%
Yémen
10%
Andorre
9%
Roumanie
9%
Antigua-et-Barbuda
8%
Botswana
8%
Ghana
8%
Namibie
8%
Azerbaïdjan
7%
Dominique
7%
Fidji
7%
Pakistan
7%
Syrie
7%
Togo
7%
Birmanie
6%
Bosnie-Herzégovine
6%
Brunei
6%
Comores
6%
Érythrée
6%
Eswatini
6%
Gabon
6%
Israël
6%
Kosovo
6%
Laos
6%
Lesotho
6%
Liechtenstein
6%
Népal
6%
Papouasie-Nouvelle-Guinée
6%
Philippines
6%
Serbie
6%
Vatican
6%
Barbade
5%
Bénin
5%
Bulgarie
5%
Cap-Vert
5%
Côte d'Ivoire
5%
Croatie
5%
Macédoine du Nord
5%
Micronésie
5%
Ouzbékistan
5%
Tadjikistan
5%
Bangladesh
4%
Bhoutan
4%
Gambie
4%
Kenya
4%
Moldavie
4%
Mozambique
4%
Qatar
4%
Sri Lanka
4%
Vanuatu
4%
Zambie
4%
Arménie
3%
Djibouti
3%
Géorgie
3%
Nauru
3%
Ouganda
3%
Tanzanie
3%
Tonga
3%
Trinité-et-Tobago
3%
Tuvalu
3%
Zimbabwe
3%
Burkina Faso
2%
Burundi
2%
Chypre
2%
Jordanie
2%
Palaos
2%
Samoa
2%
Sao-Tomé-et-Principe
2%
Seychelles
2%
Sierra Leone
2%
Singapour
2%
Koweït
1%
Rwanda
1%
Timor oriental
1%
Aucun quiz correspondant
Distribution des résultats
% des personnes avec chaque résultat
Percentile par nombre de réponses
Votre historique - résultats
Vous n’avez pas pris ce quiz